000 00640nam a2200181 a 4500
008 120416s1981 ||||||||||||||||| || u
020 _a0070137811
050 _aHF 5381
100 _aCrites, John O
245 1 0 _aCareer counseling: models, methods and materials
260 _aNew York
_bMcGraw-Hill
_c1981
300 _axix, 252p. : ill.
350 _a0.00
650 0 _aBUSINESS
650 _aVOCATIONAL GUIDANCE--CASE STUDIES
650 _aVOCATIONAL GUIDANCE--TECHNIQUES
995 _D0.00
_FCBU-MAIN LIBRARY (Kitwe)
_H1
_I29.95
_M1
_UAVAILABLE
_ZMain Library Open Access Collection
999 _c36741
_d36741